000 00636nam a2200253Ia 4500
003 0100
008 130307s9999 xx 000 0 und d
020 _a0060446919
040 _cARRUPELIB
050 _aBF721.M88 1974
100 _aMussen , Paul Henry
245 _aChild development and personality
250 _a4th ed.
260 _aNew york
260 _bHarper & Row , Publishers
260 _c1974
300 _ax
300 _b684p. 24cm.
650 _aPSYCHOLOGY
650 _bApologetics--Early works
650 _cApologetics--Middle Ages
700 _aConger , John Janeway ; Kegan , Jerome
942 0 0 _01
999 _c96059
_d96059